A beginner's guide to discrete mathematics (Record no. 2070)
[ view plain ]
| 000 -LEADER | |
|---|---|
| fixed length control field | 00555 a2200169 4500 |
| 001 - CONTROL NUMBER | |
| control field | 068390 |
| 003 - CONTROL NUMBER IDENTIFIER | |
| control field | OSt |
| 005 - DATE AND TIME OF LATEST TRANSACTION | |
| control field | 20220217101409.0 |
| 008 - FIXED-LENGTH DATA ELEMENTS--GENERAL INFORMATION | |
| fixed length control field | |
| 082 ## - DEWEY DECIMAL CLASSIFICATION NUMBER | |
| Classification number | 510 |
| Item number | W15B |
| 100 1# - MAIN ENTRY--PERSONAL NAME | |
| Personal name | Wallis, W.D. |
| 245 1# - TITLE STATEMENT | |
| Title | A beginner's guide to discrete mathematics |
| Statement of responsibility, etc | by W.D. Wallis |
| 260 ## - PUBLICATION, DISTRIBUTION, ETC. (IMPRINT) | |
| Place of publication, distribution, etc | Boston |
| Name of publisher, distributor, etc | Birkhauser |
| Date of publication, distribution, etc | 2008 |
| 300 ## - PHYSICAL DESCRIPTION | |
| Extent | 367p. |
| 653 ## - INDEX TERM--UNCONTROLLED | |
| Uncontrolled term | Mathematics; Computer science--Mathematics; Logic, Symbolic and mathematical; Mathematical statistics; Combinatorial analysis; Computational complexity |
| 942 ## - ADDED ENTRY ELEMENTS (KOHA) | |
| Source of classification or shelving scheme | Dewey Decimal Classification |
| Koha item type | Books |
| Withdrawn status | Lost status | Source of classification or shelving scheme | Damaged status | Not for loan | Collection code | Home library | Current library | Date acquired | Source of acquisition | Cost, normal purchase price | Full call number | Barcode | Date last seen | Price effective from | Koha item type |
|---|---|---|---|---|---|---|---|---|---|---|---|---|---|---|---|
| Dewey Decimal Classification | General Text Book | Central University Of Rajasthan | Central University Of Rajasthan | 07/03/2012 | MTH | 695.00 | 510 W15B | 2677 | 21/11/2024 | 02/09/2020 | Books |
